MDQL
is popping MORE tags! Check the
thread
!
Quizzes
Events
Quiz Creation
Community
Videos
Private Events
Remove Ads
Sign In
Join for FREE
Feedback
Dark Mode
Quiz Categories
Sports
Geography
Music
Movies
Television
Just For Fun
Miscellaneous
History
Literature
Language
Science
Gaming
Entertainment
Religion
Holiday
For Kids
Quiz Lab
Recent
Popular Today
Quiz Kudos Today
Editor Picks
Curator Picks
Quizzes by...
Day
Popularity
Type
Ratings
Length
Year
Community
Subscriptions
Recent Discussions
Orange Saloon
Badges
Playlists
Quests
Create
Leaderboards
Showdown
Live 5
Trivia Bingo
Activity
Puzzle Library
Sporcle Events
Private Events
Virtual Trivia
Globe League
Become a Host
Pub Owners
SporcleCon
Opinionation
Our Games
Videos
Blog
Mobile Apps
Partnerships
Remove Ads and Go Orange
Feedback
Music
Pop Music
The Beatles
Song
Album
Lyrics
Bands
Singers
Artist
Clip
Rock
Rap
Classical
Billboard
Country Music
Kpop
Taylor Swift
Music
Pop Music
The Beatles
Song
Album
Lyrics
Bands
Singers
Artist
Clip
Rock
Rap
Classical
Billboard
Country Music
Kpop
Taylor Swift
Random Quiz
Search Sporcle
×
Quiz Lab
Quiz Lab
Music
Song
Type in answers that appear in a list
Type in answers that appear in a list
Classic
Best Score? Go Orange.
Best Videos: 2000-2009 Stats
Can you name the 50 best music videos of the decade?
By
aubreegh
10m
50 Questions
132 Plays
132 Plays
132 Plays
Comments
Comments
Give Quiz Kudos
Give Quiz Kudos
-
- Ratings
hide this ad
More Info
Replay
Link that replays current quiz
Next Quiz
Link to next quiz in quiz playlist
You Got
0%
They Got
Avg Score
12%
Avg Friend Score
Upgrade to see
Score Distribution
Jump to the score distribution portion of the page
Score
0/50
Timer
10:00
0
Plays Today
Artist
Song
% Correct
OutKast
Hey Ya!
93.9%
Gnarls Barkley
Crazy
49.2%
Gorillaz
Feel Good Inc.
43.9%
Johnny Cash
Hurt
39.4%
OK Go
Here it Goes Again
38.6%
50 Cent
In Da Club
38.6%
Gorillaz
Clint Eastwood
37.9%
Modest Mouse
Float On
37.1%
Franz Ferdinand
Take Me Out
35.6%
U2
Beautiful Day
26.5%
Jay-
Z
99 Problems
25.8%
Kanye West
Jesus Walks (Version 1)
23.5%
The White Stripes
Fell in Love with a Girl
22.7%
Outkast
B.O.B.
17.4%
Coldplay
The Scientist
16.7%
Missy Elliott
Get Ur Freak On
15.9%
The Racontuers
Steady as She Goes (Version 2)
13.6%
Queens of the Stone Age
No One Knows
12.9%
Fatboy Slim
Weapon of Choice
9.1%
The Strokes
Juicebox
7.6%
The White Stripes
My Doorbell
6.1%
The Avalanches
Frontier Psychiatrist
5.3%
The Strokes
12:51
4.5%
The Flaming Lips
Do You Realize??
3.8%
The Strokes
Someday
3.8%
Artist
Song
% Correct
The White Stripes
The Denial Twist
3%
R.E.M.
Imitation of Life
2.3%
The White Stripes
Conquest
2.3%
The Decemberists
16 Military Wives
1.5%
The Postal Service
We Will Become Silhouettes
1.5%
Bat for Lashes
What's a Girl to Do
1.5%
The Black Keys
10 A.M. Automatic
1.5%
The Flaming Lips
The Wand
1.5%
Norah Jones
Sinkin' Soon
0.8%
Rilo Kiley
It's a Hit
0.8%
Radiohead
Knives Out
0.8%
Mastodon
Divinations
0.8%
Jenny Lewis
See Fernando
0%
Nick Cave
Dig, Lazarus, Dig
0%
My Morning Jacket
Off the Record
0%
Bright Eyes
At the Bottom of Everything
0%
The Dead Weather
I Cut Like a Buffalo
0%
Beirut
Elephant Gun
0%
Red Fang
Prehistoric Dog
0%
She & Him
Why Do You Let Me Stay Here
0%
Of Montreal
Wraith Pinned to the Mist and other Games
0%
Radiohead
How to Disappear Completely
0%
My Morning Jacket
One Big Holiday
0%
Kanye West
You Can’t Tell Me Nothing (alternate version)
0%
Sigur Rós
Glósóli
0%
Quiz Playlist
Details
Report
Send in Message
Add To Playlist
More Info:
As voted by Paste Magazine.
Classic:
Type in answers that appear in a list
Quiz Source
Last Updated: Feb 16, 2017
Quiz Scoreboard
CHALLENGE
Sign Up to Join the Scoreboard
Show All
Scores
Hide
Comments
May contain spoilers
Recently Published
Street Fighter Characters
by Artimus82
Gaming
60s
9x9 Crossword: Cartoon Network
by jackfrog10
Miscellaneous
3m
College Basketball Coaching Resumes
by pancakes188
Sports
9m
More to Explore
Quiz From the Vault
Featured Blog Post
Where Did the Easter Bunny Come From?
hide this ad
You Might Also Like...
Tags
Artist Quiz
Decade Quiz
Song Quiz
2000s
Video
Today's Top Quizzes in Music
Browse Music
hide this ad
Today's Top Quizzes in Song
Browse Song
Top Contributed Quizzes in Music
1
Taylor Swift All Songs (2024)
2
Taylor Swift Logic Puzzle
3
Guess the Artist- 70s Songs
4
7-to-1: Billboard Hot 100 #1 Hits of 2010s
5
Sorting Albums and Songs
6
KPOP LOGIC QUIZ
7
Guess the Taylor Swift song (Mystery Song)
8
Guess The Taylor Swift Lyrics Song #1
9
Billboard Blitz: ABBA
10
Billboard Blitz: The Beatles
Explore More
Trending Topics
Marvel
Disney
NBA
Harry Potter
Crossword
Kpop
Anime
Soccer
Puzzle
NFL
Country
WWE
Song
Pokémon
The Office
hide this ad
More By:
aubreegh
Quiz
Plays
Rating
Category
Featured
Created
UK Vogue Cover Celebrities
630
4.67
Entertainment
Feb 21, 2010
Paris Fashion Week
387
5.00
Entertainment
Oct 10, 2010
Cosmopolitan Cover Models
305
5.00
Entertainment
Feb 21, 2010
Elle Cover Celebrities
273
5.00
Entertainment
Feb 21, 2010
Marie Claire Celebrities
149
5.00
Entertainment
Feb 25, 2010
Go to Creator's Profile
Score Distribution
Quiz Creator Spotlight
aubreegh
Follow
Send a Message
Quizzes Created
-
Created Quiz Play Count
-
More By This Creator
Popular Quizzes Today
1
Find the US States - No Outlines Minefield
2
Find the Countries of Europe - No Outlines Minefield
3
The Countries of the World
4
Find the US States
5
Risky Map Clicking: Biggest States A-Z
6
US States
7
Popular People in 1961
8
Movies - When Are They Set?
More Music Quizzes
10 to 1 Country Music Sorting Gallery
Curator's Pick
Trending Quizzes
Risky Map Clicking: Least Populous States A-Z
Countries of the World: 200 Million BC
Billboard Blitz: Aretha Franklin
1-10 Letter G Words
Famous Russians: Author or Composer?
Recently Updated
Leaping Animals
pecheneg
Reality TV Shows (A-Z)
bhenderson79
Rickey Henderson's Hall of Fame Teammates
pecheneg
Champions League XIs: Arsenal
pecheneg
Quick Pick: Celebrities in WWE's Hall of Fame
aduchscher
A-Z Keypad Blitz II
pecheneg
Multiple Oscar Actors
pecheneg
Mystery Phrase Blitz: Oscar 'Best Actors'
pecheneg
F. Scott Fitzgerald Novels
LTH
Pick 3 Villains
ddd62291
Trending Topics
Marvel
Harry Potter
NBA
Kpop
Anime
Crossword
Disney
Song
Pokémon
The Office
NFL
Country
WWE
Puzzle
Soccer
Your Account Isn't Verified!
In order to create a playlist on Sporcle, you need to verify the email address you used during registration. Go to your
Sporcle Settings
to finish the process.
Report this User
Report this user for behavior that violates our
Community Guidelines
.
Details:
Send Report
Go to the Sporcle.com Mobile Site →
Comments